000 00489nam a22001817a 4500
003 CEME
005 20210628204115.0
008 210308b xxu||||| |||| 00| 0 eng d
020 _a0-7131-3620-0
040 _c.
082 _a531.02462 FAW'B
100 _aFawcett, J.N , Burdess, J.S
_968777
245 _aBasic mechanics with engineering applications
260 _aLONDON
_bEDWARD ARNOLD
_c1988
300 _aIX, 406P
650 _aMECHANICS FOR ENGINEERS
_960081
942 _cBK
_2ddc
999 _c576246
_d576246